02588ngm a2200493 c 4500001000900000003000900009005001700018007001000035008004100045015000900086024001800095028002100113035002200134040002800156041001300184082002000197084001000217245020800227260003400435300003400469500008900503511004200592518007300634520032200707521004401029546008001073586010601153650010201259650011101361650004701472655003301519655003001552700003601582700007601618700006401694700003701758700002601795700003101821700004001852711005501892711004001947711005501987776005202042a6266256CO-ViMGA20230915224422.0vd*bsaizq170403s2016 sp 112 g vlspa  aVD163 a843701073808140aAB73808bAbordar a(OCoLC)1050767236 aCO-ViMGAbspacCO-ViMGA0 aspahspa a791.4309861 A17 a12VD03aEl abrazo de la serpientecdirigida por Ciro Guerra ; producida por Cristina Gallego ; guion, Ciro Guerra, Jacques Toulemonde ; director de fotografía, David Gallego ; música original, Nascuy Linares aBogotá :bSony Music c2016 a1 DVD (125 min.)bson., color aBasada en los los diarios de viaje de Theodor Koch Grunberg y Richard Evans Schultes1 aNilbio Torres, Jan Bijvoet, Tafillama aLargometraje coproducido por Colombia, Venezuela y Argentina en 20153 aKaramakate, un poderoso chaman amazónico y ultimo sobreviviente de su pueblo, vive en aislamiento voluntario en lo mas profundo de la selva. Su vida vaca̕ da un vuelco el día en que a su remota guarida llega Evan, un etnobotaǹico americano en busca de la yakruna, una misteriosa planta capaz de enseñar a ...1 aNo recomendada a menores de 12 añǫs aVersión original en españǫl, con subtitulos opcionales en españǫl aEntre otros: Festival International du Film (2015), Premios ACE (2016), Sundance Film Festival (2016)142Chamanismo|zRío Amazonas|vDVDvChamanismo|zRío Amazonas|vDVDzChamanismo|zRío Amazonas|vDVD142Científicos|zRío Amazonas|vDVDvCientíficos|zRío Amazonas|vDVDzCientíficos|zRío Amazonas|vDVD142Cine colombiano|vDVDvCine colombiano|vDVD 7aCine de aventuras y acción 7aDramas cinematográficos1 aBijvoet, Jand1966-eactor4act1 aGallego, Davidc(director de fotografa̕)edirector de fotografa̕4cng1 aGuerra, Cirod1981-edirector de cineeguionista4fmd 4aus1 aLinares, Nascuyecompositor4cmp1 aTafillamaeactor4act1 aTorres, Nilbioeactor4act1 aToulemonde, Jacqueseguionista4aus2 aFestival International du Filmn68ðd2015cCannes2 aPremios ACEn48ðd2016cNueva York2 aSundance Film Festivaln32ðd2016cSalt Lake City0 tEl abrazo de la serpientehDVD-Vd̕eowa5936332